000 01329cam a2200217 4500
001 J122591
008 030613n2003 000 0 eng u
035 _a(Sirsi) u122591
041 _aeng
050 _a711.76
_c18
110 _aDfT
_94403
245 2 _aA project appraisal framework for ports
260 _aLondon
_bDfT
_c2003
520 _aSets out a project appraisal framework for port developments to assist promoters of port developments, those affected by port developments, those required to make decisions about port developments, and others who may wish to make representations about port developments. The framework sets out a way of organising information and analysis consistent with government objectives for transport and specific policy objectives for ports. It is also consistent with the procedural and other requirements of consenting regimes to which port developments may be subject. A summary of the responses to the consultation and a commentary on the responses are also available. View at www.shipping.dft.gov.uk.
650 _aHARBOURS
650 _aPLANNING GUIDANCE
650 _aPORTS
690 _aENVIRONMENTAL AND LAND CONSULTANCY-PLANNING AND DEVELOPMENT
856 _uhttps://www.shipping.dft.gov.uk/ports/appraisal/index.htm
_vView the framework on the DfT website...
942 _n0
999 _c102884
_d102884